Statistics for ALF quiz

Click here to take the quiz!

General Stats

  • This quiz has been taken 18 times
  • The average score is 6 of 30

Answer Stats

QuestionAnswer% Correct
What planet was ALF from?Melmac
100%
What was ALF's real name?Gordon Shumway
62%
Who was ALF always trying to eat?Lucky the cat
62%
What's the name of Trevor and Raquel Ochmonek's teenage nephew?Jake Ochmonek
54%
Where does ALF take place?Las Angeles
38%
What's the name of Willie's brotherNeil Tanner
38%
Who was ALF in love with before his planet exploded?Rhonda
38%
What is the full name of the youngest Tanner family memberEric William Tanner
31%
What is Kate's full name?Catherine Daphne Tanner
23%
What were the cures for Melmacian hiccups?Cat juice
23%
What were the names of the two planets that ALF told Brian were beyond Pluto?Dave and Alvin
23%
Which sitcom did ALF dream that he was in?Gilligan's Island
23%
What did ALF do to the Tanners' Christmas tree?Chopped it up
8%
How many two part episodes did ALF have in all four seasons?Five
8%
Who was the blind girl that ALF met over the phone?Jodie
8%
What problem does Jake's mother suffer from?Kleptomania
8%
Why did ALF have to evacuate his planet?Nuclear explosion
8%
What were the cures for Melmacian hiccups?Raw spinach
8%
What is the name of Dorothy's current husband?Whizzer Deaver
8%
What did ALF become after he discovered that his parents were married before he was born?A monk
0%
What was the name of the shrub that gave Melmacians their immunity?Carl
0%
In "ALF's Christmas Special,"what did ALF talk Mr. Folley out of doing?Commiting suicide
0%
In what episode did ALF say "I was wrong.Kill me!" to Kate?Don't it make your brown eyes blue?
0%
Who was the homeless person that ALF met in the Thanksgiving special?"Flakey" Pete Finnigan
0%
What device is ALF usually using while in the garage?Hand radio
0%
What is Kate's profession?(Besides being a mother of three)Real estate
0%
What was the name of Kate's late father?Sparky Helligan
0%
What was the name of the sick girl ALF met in "ALF's Christmas Special?"Tiffany Leigh Smith
0%
Who did ALF think he was after he gto amnesiaWayne Schlaegel
0%
What was the title of the rock song that ALF wrote to Lynn when he had a crush on her?(It was also featured in the first two part episode)You're the one who's out of this world
0%

Score Distribution

Percentile by Number Answered

Percent of People with Each Score

Your Score History

You have not taken this quiz